2026 WORLD CUP GROUPS - Statistics

General Stats
  • This quiz has been taken 25 times
  • The average score is 31 of 48
Answer Stats
groups Answer % Correct
group A Mexico
96%
group H Spain
92%
group j Argentina
88%
group C Brazil
88%
group F Japan
88%
group C Morocco
88%
group A South Korea
88%
group D USA
88%
group B Canada
83%
group I France
83%
group I Norway
83%
group K Portugal
83%
group H Saudi Arabia
83%
group K Colombia
79%
Group L England
79%
group G Iran
79%
group F Netherland
79%
group B Qatar
79%
group A South Africa
79%
group H Uruguay
79%
group j Algeria
75%
group D Australia
75%
group G Egypt
75%
group E Germany
75%
group C Scotland
75%
group G Belgium
71%
Group L Croatia
71%
group G New Zealand
71%
group D Paraguay
71%
group F Tunisia
71%
group E Ecuador
67%
Group L Ghana
67%
group C Haiti
67%
Group L Panama
67%
group I Senegal
67%
group j Austria
63%
group B Switzerland
63%
group E Curacao
54%
group E Ivory coast
54%
group j Jordan
54%
group K FIFA Playoff 1
8%
group I FIFA Playoff 2
8%
group B UEFA Playoff A
8%
group F UEFA Playoff B
8%
group D UEFA Playoff C
8%
group H Cape Varde
4%
group A UEFA Playoff D
4%
group K Uzbakistan
4%
No matching quizzes found
Score Distribution
Percent of People with Each Score
Percentile by Number Answered
Your Score History
You have not taken this quiz